000 00723nam a2200193 i 4500
001 101451
003 ES-MaACL
005 20240229062723.0
007 t|
008 051018s1913 fr ||||1| fre d
100 1 _aMazars
_cLieutenant.
_9149465
245 1 4 _aLes divisions espagnoles de l'armée de Wellington
_b: Vitoria (21 Juin 1813) - Toulouse (10 Avril 1814) /
_cLieutenant Mazars.
260 _aToulouse :
_b[s.n.],
_c1913 (
_fEdouard Privat)
300 _aP. [41]-66 ;
_c24 cm.
500 _aEn port.: Extrait de la "Revue des Pyrenées", tome XXV, 1er trimestre 1913.
651 4 _aEspaña-
_xHistoria-
_y1808-1814, Guerra de la Independencia
_98244
852 _aES-MaACL
_jT-1351-F-5
999 _c101451
_d101451